000 00253nam a2200097Ia 4500
001 639823
005 20250826153435.0
008 250824s9999 xx 000 0 und d
245 0 _aEce Yüce/Ece Kümese Girip Bitlendi
_cGülten Dayıoğlu
260 _bALTIN
999 _c639823
_d639823